000 02544cam a22002294a 4500
005 20250605163946.0
008 250528s ||||||||||||||||||||||||d
035 _a15214
020 _a70074178
040 _aGR-AtMCL
_bgre
_dGR-AtMCL
_eAACR2
245 1 _aPrinciples of Corporate Finance / International Edition
250 _a5th
260 _bMcgraw Hill Publishing Company,
_c1996
300 _a1094
505 0 _aPreface, Value, Why Finance Matters, Why Finance Matters, How to Calculate Present Values, The Value of Common Stocks, Risk, Risk and Return, Capital Budgeting and Risk, Practical Problems in Capital Budgeting, A Problem is Not a Back Box, Wher Positive Net Present Values Come From, Organizing Cpital Expenditure and Evaluating Performance, Financing Decisions and Market Efficiency, An Overview of Corporate Financing, How Corporations Issue Securities, Dividend Policy and Capital Structure, TheDividend Controversy, Interactions of Investment and Financing Decisions, Options, Corporate Liabilities and the Valuation of Options, Applications of Options Pricing Theory, Warrants and Convertibles, Debt Financing, Valuing Risky Debt, The Many Different Kinds of Debt, Hedging Financial Risk, Leasing, Financial Planning, Analyzing Financial Performance, Sort-Term Financial Decisions, Credit Management, Cash Management, Mergers and International Finance, Mergers, Conclusions, Index.
520 _aPreface, Value, Why Finance Matters, Why Finance Matters, How to Calculate Present Values, The Value of Common Stocks, Risk, Risk and Return, Capital Budgeting and Risk, Practical Problems in Capital Budgeting, A Problem is Not a Back Box, Wher Positive Net Present Values Come From, Organizing Cpital Expenditure and Evaluating Performance, Financing Decisions and Market Efficiency, An Overview of Corporate Financing, How Corporations Issue Securities, Dividend Policy and Capital Structure, TheDividend Controversy, Interactions of Investment and Financing Decisions, Options, Corporate Liabilities and the Valuation of Options, Applications of Options Pricing Theory, Warrants and Convertibles, Debt Financing, Valuing Risky Debt, The Many Different Kinds of Debt, Hedging Financial Risk, Leasing, Financial Planning, Analyzing Financial Performance, Sort-Term Financial Decisions, Credit Management, Cash Management, Mergers and International Finance, Mergers, Conclusions, Index.
700 1 _aBrealey Richard A
_91083
700 1 _aMyers Stewart C
_91085
942 _cBK
999 _c808
_d808